Procurement and Supply Administration NC4 (Record no. 351378)

000 -LEADER
fixed length control field 00635nam a22001937a 4500
003 - CONTROL NUMBER IDENTIFIER
control field OSt
005 - DATE AND TIME OF LATEST TRANSACTION
control field 20180116183045.0
008 - FIXED-LENGTH DATA ELEMENTS--GENERAL INFORMATION
fixed length control field 160425b xxu||||| |||| 00| 0 eng d
020 ## - INTERNATIONAL STANDARD BOOK NUMBER
International Standard Book Number 9781861242204
040 ## - CATALOGING SOURCE
Transcribing agency 0
082 ## - DEWEY DECIMAL CLASSIFICATION NUMBER
Classification number 658.72 CIP 2012
100 ## - MAIN ENTRY--PERSONAL NAME
Personal name CIPS
110 #0 - MAIN ENTRY--CORPORATE NAME
Corporate name or jurisdiction name as entry element Charterd institute of Procurment Supply
245 ## - TITLE STATEMENT
Title Procurement and Supply Administration NC4
Remainder of title Certificate in Procurement and supply opertaions
Statement of responsibility, etc. Charterd institute of Procurment Supply.
260 ## - PUBLICATION, DISTRIBUTION, ETC.
Place of publication, distribution, etc. Lincolnshire :
Name of publisher, distributor, etc. Profex Publishing Limited,
Date of publication, distribution, etc. 2012.
300 ## - PHYSICAL DESCRIPTION
Extent 119 p.
Other physical details pb.
440 ## - SERIES STATEMENT/ADDED ENTRY--TITLE
Title Procurement and Supply Administration
942 ## - ADDED ENTRY ELEMENTS (KOHA)
Source of classification or shelving scheme
Koha item type Book
Holdings
Withdrawn status Lost status Source of classification or shelving scheme Damaged status Not for loan Collection code Permanent Location Current Location Shelving location Date acquired Total Checkouts Full call number Barcode Date last seen Date last checked out Price effective from Koha item type
            Central Library (CL) Central Library (CL) General Stacks 04/25/2016 3 658.72 CIP 2012 NBS10194 02/25/2025 07/08/2024 04/25/2016 Book
© 2023 Central Library, National University of Sciences and Technology. All Rights Reserved.